01222nam a2200301Ia 4500001001100000003000800011006001900019007001500038008004100053020001500094040002100109035002000130050002300150100003200173245012700205260004100332300001100373500010100384533015200485600001100637600003200648650001200680655002900692700003800721710001700759856012500776999001900901ebr2001720CaPaEBRm u cr cn|||||||||030215s2001 enk s 000 1 eng d z1901843173 aCaPaEBRcCaPaEBR a(OCoLC)7073330714aPR4349b.B7 2001eb1 aButler, Samuel,d1835-1902.10aSelected essaysh[electronic resource] /cSamuel Butler; with a sketch of the life of Samuel Butler by Henry Festig Jones. aLondon :bElectric Book Co.,cc2001. a200 p. a"Transcribed by R. N. Robinson from the Traveller's Library Edition, Jonathan Cape, London 1927. aElectronic reproduction.bPalo Alto, Calif. :cebrary,d2009.nAvailable via World Wide Web.nAccess may be limited to ebrary affiliated libraries.00aHomer.10aButler, Samuel,d1835-1902. 0aEssays. 7aElectronic books.2local1 aJones, Henry Festing,d1851-1928.2 aebrary, Inc.40uhttp://site.ebrary.com/lib/rucke/Doc?id=2001720zAn electronic book accessible through the World Wide Web; click to view c127999d127999